[Event "Campeonato España Sub 10"]
[Site "Salobreña"]
[Date "2017.07.04"]
[Round "3"]
[White "Horcajuelo Rocamora, Martin"]
[Black "Munoz Valles, Jorge"]
[Result "1-0"]
[Board "13"]
[WhiteClock "1:30"]
[WhiteElo "1421"]
[WhiteCountry "ESP"]
[WhiteFideId "24573027"]
[WhiteEloChange "5"]
[BlackClock "1:30"]
[BlackElo "1229"]
[BlackCountry "ESP"]
[BlackFideId "24550787"]
[BlackEloChange "-5"]

1. e4 {[%clk 1:30:00]} d6 {[%clk 1:30:00]} 2. d4 {[%clk 1:31:00]} Nf6 {[%clk
1:31:00]} 3. Bd3 {[%clk 1:30:00]} e5 {[%clk 1:31:00]} 4. c3 {[%clk 1:31:00]} Be7
{[%clk 1:31:00]} 5. Nf3 {[%clk 1:31:00]} Nbd7 {[%clk 1:32:00]} 6. O-O {[%clk
1:31:00]} O-O {[%clk 1:32:00]} 7. Re1 {[%clk 1:30:00]} c6 {[%clk 1:32:00]} 8.
Nbd2 {[%clk 1:30:00]} Qc7 {[%clk 1:32:00]} 9. Nf1 {[%clk 1:31:00]} b6 {[%clk
1:32:00]} 10. Ng3 {[%clk 1:31:00]} Bb7 {[%clk 1:32:00]} 11. Qb3 {[%clk 1:30:00]}
Rfe8 {[%clk 1:29:00]} 12. Qc2 {[%clk 1:29:00]} Bf8 {[%clk 1:27:00]} 13. Bg5
{[%clk 1:26:00]} d5 {[%clk 1:27:00]} 14. Nf5 {[%clk 1:26:00]} g6 {[%clk 1:26:00]}
15. Ng3 {[%clk 1:18:00]} Bg7 {[%clk 1:22:00]} 16. dxe5 {[%clk 1:17:00]} Nxe5
{[%clk 1:22:00]} 17. Nxe5 {[%clk 1:17:00]} Qxe5 {[%clk 1:20:00]} 18. f4 {[%clk
1:17:00]} Qd6 {[%clk 1:18:00]} 19. Bxf6 {[%clk 1:16:00]} Qxf6 {[%clk 1:18:00]}
20. f5 {[%clk 1:15:00]} Re7 {[%clk 1:15:00]} 21. Re2 {[%clk 1:12:00]} Rae8 {[%clk
1:15:00]} 22. Rae1 {[%clk 1:11:00]} d4 {[%clk 1:14:00]} 23. fxg6 {[%clk 1:06:00]}
hxg6 {[%clk 1:12:00]} 24. c4 {[%clk 1:06:00]} c5 {[%clk 1:11:00]} 25. b3 {[%clk
1:03:00]} Qf4 {[%clk 1:08:00]} 26. Qc1 {[%clk 0:44:00]} Qd6 {[%clk 1:07:00]} 27.
Qg5 {[%clk 0:40:00]} Bc6 {[%clk 1:03:00]} 28. Rf1 {[%clk 0:36:00]} Bd7 {[%clk
1:02:00]} 29. Ref2 {[%clk 0:34:00]} a6 {[%clk 1:00:00]} 30. Ne2 {[%clk 0:28:00]}
b5 {[%clk 0:59:00]} 31. Rf3 {[%clk 0:26:00]} Qe5 {[%clk 0:59:00]} 32. Qxe5 {[%clk
0:25:00]} Rxe5 {[%clk 0:59:00]} 33. Ng3 {[%clk 0:24:00]} Bh6 {[%clk 0:59:00]} 34.
Rxf7 {[%clk 0:22:00]} Be3+ {[%clk 0:59:00]} 35. Kh1 {[%clk 0:22:00]} bxc4 {[%clk
0:59:00]} 36. Bxc4 {[%clk 0:21:00]} Be6 {[%clk 0:59:00]} 37. Bxe6 {[%clk
0:22:00]} R5xe6 {[%clk 0:59:00]} 38. R7f6 {[%clk 0:22:00]} d3 {[%clk 0:59:00]}
39. R6f3 {[%clk 0:21:00]} Bd4 {[%clk 0:58:00]} 40. Rxd3 {[%clk 0:20:00]} Bb2
{[%clk 0:58:00]} 41. Rd7 {[%clk 0:19:11]} Rc8 {[%clk 0:58:00]} 42. Rf2 {[%clk
0:18:36]} Ba3 {[%clk 0:57:00]} 43. Rfd2 {[%clk 0:18:43]} Rb6 {[%clk 0:57:00]} 44.
Rd8+ {[%clk 0:18:32]} Rxd8 {[%clk 0:57:00]} 45. Rxd8+ {[%clk 0:18:54]} Kf7 {[%clk
0:57:00]} 46. Rd1 {[%clk 0:19:08]} Ke6 {[%clk 0:58:00]} 47. h3 {[%clk 0:18:16]}
a5 {[%clk 0:58:00]} 48. Rd5 {[%clk 0:18:31]} Rb4 {[%clk 0:58:00]} 49. Rxc5 {[%clk
0:18:20]} Rxb3 {[%clk 0:58:00]} 50. Rg5 {[%clk 0:17:45]} Kf6 {[%clk 0:58:00]} 51.
Rg4 {[%clk 0:17:47]} Bd6 {[%clk 0:59:00]} 52. axb3 {[%clk 0:17:52]} g5 {[%clk
1:01:00]} 53. Nf5 {[%clk 0:20:00]} Bf4 {[%clk 1:01:00]} 54. Kg1 {[%clk 0:20:00]}
Ke5 {[%clk 1:01:00]} 55. g3 {[%clk 0:20:00]} Bd2 {[%clk 1:01:00]} 56. Kf1 {[%clk
0:20:00]} Kf6 {[%clk 1:01:00]} 57. Ke2 {[%clk 0:20:00]} Bc1 {[%clk 1:01:00]} 58.
Kd3 {[%clk 0:20:00]} Ke5 {[%clk 1:01:00]} 59. Kc4 {[%clk 0:20:00]} Ke6 {[%clk
1:01:00]} 60. Kb5 {[%clk 0:20:00]} Kd7 {[%clk 1:01:00]} 61. Kxa5 {[%clk 0:20:00]}
Kc7 {[%clk 1:01:00]} 62. h4 {[%clk 0:20:00]} gxh4 {[%clk 1:01:00]} 63. gxh4
{[%clk 0:20:00]} 1-0

[Event "Campeonato España Sub 10"]
[Site "Salobreña"]
[Date "2017.07.04"]
[Round "3"]
[White "Riezu Resano, Javier"]
[Black "Fuertes Cirauqui, Pablo"]
[Result "0-1"]
[Board "14"]
[WhiteClock "1:30"]
[WhiteElo "1201"]
[WhiteCountry "ESP"]
[WhiteFideId "24543551"]
[WhiteEloChange "-5"]
[BlackClock "1:30"]
[BlackElo "1415"]
[BlackCountry "ESP"]
[BlackFideId "24513598"]
[BlackEloChange "5"]

1. d4 {[%clk 1:30:00]} e6 {[%clk 1:30:00]} 2. Nf3 {[%clk 1:31:00]} d5 {[%clk
1:30:00]} 3. e3 {[%clk 1:31:00]} c5 {[%clk 1:31:00]} 4. c3 {[%clk 1:31:00]} Nc6
{[%clk 1:31:00]} 5. Bd3 {[%clk 1:31:00]} Bd7 {[%clk 1:31:00]} 6. Nbd2 {[%clk
1:32:00]} Bd6 {[%clk 1:30:00]} 7. O-O {[%clk 1:32:00]} c4 {[%clk 1:31:00]} 8. Bc2
{[%clk 1:32:00]} Qc7 {[%clk 1:30:00]} 9. e4 {[%clk 1:32:00]} O-O-O {[%clk
1:29:00]} 10. b3 {[%clk 1:28:00]} cxb3 {[%clk 1:26:00]} 11. axb3 {[%clk 1:27:00]}
h5 {[%clk 1:25:00]} 12. e5 {[%clk 1:26:00]} Be7 {[%clk 1:25:00]} 13. Ba3 {[%clk
1:26:00]} f6 {[%clk 1:23:00]} 14. exf6 {[%clk 1:24:00]} gxf6 {[%clk 1:22:00]} 15.
Nh4 {[%clk 1:12:00]} Bd6 {[%clk 1:20:00]} 16. Bxd6 {[%clk 1:12:00]} Qxd6 {[%clk
1:18:00]} 17. Nhf3 {[%clk 1:08:00]} Nh6 {[%clk 1:18:00]} 18. c4 {[%clk 1:07:00]}
Rhg8 {[%clk 1:16:00]} 19. cxd5 {[%clk 1:05:00]} exd5 {[%clk 1:16:00]} 20. Kh1
{[%clk 1:04:00]} Kb8 {[%clk 1:14:00]} 21. Qe2 {[%clk 0:50:00]} Rde8 {[%clk
1:10:00]} 22. Qd1 {[%clk 0:47:00]} Bg4 {[%clk 1:10:00]} 23. h3 {[%clk 0:47:00]}
Bxh3 {[%clk 1:09:00]} 24. gxh3 {[%clk 0:47:00]} Qd7 {[%clk 1:09:00]} 25. Nh2
{[%clk 0:41:00]} Qxh3 {[%clk 1:08:00]} 26. Qf3 {[%clk 0:41:00]} Qh4 {[%clk
1:06:00]} 27. Qxd5 {[%clk 0:38:00]} Ng4 {[%clk 1:05:00]} 28. Nf3 {[%clk 0:37:00]}
Nxf2+ {[%clk 1:05:00]} 29. Rxf2 {[%clk 0:37:00]} Qxf2 {[%clk 1:05:00]} 0-1

[Event "Campeonato España Sub 10"]
[Site "Salobreña"]
[Date "2017.07.04"]
[Round "3"]
[White "Fernandez Rosado, Roberto"]
[Black "Almeida Cubas, Mirella"]
[Result "1-0"]
[Board "15"]
[WhiteClock "1:30"]
[WhiteElo "1436"]
[WhiteCountry "ESP"]
[WhiteFideId "24594016"]
[WhiteEloChange "4"]
[BlackClock "1:30"]
[BlackElo "1201"]
[BlackCountry "ESP"]
[BlackFideId "24561118"]
[BlackEloChange "-4"]

1. e4 {[%clk 1:30:00]} c5 {[%clk 1:30:00]} 2. Nf3 {[%clk 1:31:00]} Nc6 {[%clk
1:30:00]} 3. d4 {[%clk 1:31:00]} cxd4 {[%clk 1:30:00]} 4. Nxd4 {[%clk 1:31:00]}
g6 {[%clk 1:30:00]} 5. c4 {[%clk 1:30:00]} Bg7 {[%clk 1:30:00]} 6. Be3 {[%clk
1:30:00]} Nf6 {[%clk 1:28:00]} 7. Nc3 {[%clk 1:30:00]} O-O {[%clk 1:27:00]} 8.
Be2 {[%clk 1:29:00]} d6 {[%clk 1:25:00]} 9. O-O {[%clk 1:27:00]} Bd7 {[%clk
1:24:00]} 10. Qd2 {[%clk 1:26:00]} Nxd4 {[%clk 1:17:00]} 11. Bxd4 {[%clk
1:25:00]} Bc6 {[%clk 1:13:00]} 12. f3 {[%clk 1:20:00]} Nd7 {[%clk 1:09:00]} 13.
Bf2 {[%clk 1:13:00]} a5 {[%clk 1:02:00]} 14. Rab1 {[%clk 1:07:00]} Nc5 {[%clk
0:53:00]} 15. b3 {[%clk 0:59:00]} Qc7 {[%clk 0:46:00]} 16. Rfc1 {[%clk 0:54:00]}
Rfc8 {[%clk 0:43:00]} 17. Bf1 {[%clk 0:53:00]} Bd7 {[%clk 0:35:00]} 18. Nd5
{[%clk 0:51:00]} Qd8 {[%clk 0:32:00]} 19. Rc2 {[%clk 0:49:00]} Bc6 {[%clk
0:28:00]} 20. a3 {[%clk 0:47:00]} Bxd5 {[%clk 0:28:00]} 21. exd5 {[%clk 0:47:00]}
Qc7 {[%clk 0:23:00]} 22. b4 {[%clk 0:45:00]} axb4 {[%clk 0:23:00]} 23. axb4
{[%clk 0:45:00]} Nd7 {[%clk 0:22:00]} 24. c5 {[%clk 0:44:00]} b6 {[%clk 0:19:49]}
25. c6 {[%clk 0:44:00]} Nf6 {[%clk 0:18:59]} 26. Ra2 {[%clk 0:41:00]} e6 {[%clk
0:17:33]} 27. dxe6 {[%clk 0:40:00]} fxe6 {[%clk 0:17:46]} 28. b5 {[%clk 0:41:00]}
Qf7 {[%clk 0:16:52]} 29. Rxa8 {[%clk 0:41:00]} Rxa8 {[%clk 0:17:10]} 30. Qxd6
{[%clk 0:41:00]} Bf8 {[%clk 0:16:39]} 31. Qe5 {[%clk 0:39:00]} Ne8 {[%clk
0:15:56]} 32. Bc4 {[%clk 0:38:00]} Nc7 {[%clk 0:15:57]} 33. Bxb6 {[%clk 0:38:00]}
Bg7 {[%clk 0:16:10]} 34. Qxc7 {[%clk 0:38:00]} Qxc7 {[%clk 0:16:15]} 35. Bxc7
{[%clk 0:38:00]} Bd4+ {[%clk 0:16:31]} 36. Kf1 {[%clk 0:38:00]} 1-0

[Event "Campeonato España Sub 10"]
[Site "Salobreña"]
[Date "2017.07.04"]
[Round "3"]
[White "Garijo Perez, Hugo"]
[Black "Moreno Diepa, Diego"]
[Result "1-0"]
[Board "16"]
[WhiteClock "1:30"]
[WhiteElo "1392"]
[WhiteCountry "ESP"]
[WhiteFideId "24533033"]
[WhiteEloChange "6"]
[BlackClock "1:30"]
[BlackElo "1251"]
[BlackCountry "ESP"]
[BlackFideId "24562440"]
[BlackEloChange "-6"]

1. e4 {[%clk 1:30:00]} e6 {[%clk 1:30:00]} 2. d4 {[%clk 1:31:00]} d5 {[%clk
1:31:00]} 3. e5 {[%clk 1:30:00]} c5 {[%clk 1:31:00]} 4. c3 {[%clk 1:31:00]} Nc6
{[%clk 1:31:00]} 5. Nf3 {[%clk 1:30:00]} Qb6 {[%clk 1:32:00]} 6. a3 {[%clk
1:30:00]} a5 {[%clk 1:32:00]} 7. Be3 {[%clk 1:28:00]} Qxb2 {[%clk 1:32:00]} 8.
Nbd2 {[%clk 1:25:00]} cxd4 {[%clk 1:32:00]} 9. Nxd4 {[%clk 1:21:00]} Nxe5 {[%clk
1:32:00]} 10. Nb5 {[%clk 1:20:00]} Kd7 {[%clk 1:28:00]} 11. Bf4 {[%clk 1:18:00]}
Ng6 {[%clk 1:27:00]} 12. Nc4 {[%clk 1:17:00]} Qxb5 {[%clk 1:26:00]} 13. Ne5+
{[%clk 1:17:00]} Ke7 {[%clk 1:26:00]} 14. Nxg6+ {[%clk 1:18:00]} hxg6 {[%clk
1:26:00]} 15. Bxb5 {[%clk 1:18:00]} Nf6 {[%clk 1:25:00]} 16. Bg5 {[%clk 1:18:00]}
Rh5 {[%clk 1:24:00]} 17. Bxf6+ {[%clk 1:14:00]} gxf6 {[%clk 1:20:00]} 18. Be2
{[%clk 1:15:00]} Re5 {[%clk 1:20:00]} 19. O-O {[%clk 1:15:00]} Bh6 {[%clk
1:20:00]} 20. f4 {[%clk 1:15:00]} Re4 {[%clk 1:20:00]} 21. Bf3 {[%clk 1:15:00]}
Rxf4 {[%clk 1:20:00]} 22. Bxd5 {[%clk 1:15:00]} Rxf1+ {[%clk 1:20:00]} 23. Kxf1
{[%clk 1:15:00]} exd5 {[%clk 1:20:00]} 24. Qxd5 {[%clk 1:15:00]} Rb8 {[%clk
1:20:00]} 25. Re1+ {[%clk 1:15:00]} Be6 {[%clk 1:20:00]} 26. Qxa5 {[%clk
1:14:00]} Kf8 {[%clk 1:20:00]} 27. Rd1 {[%clk 1:12:00]} b6 {[%clk 1:17:00]} 28.
Qb4+ {[%clk 1:12:00]} Kg7 {[%clk 1:17:00]} 29. Rd6 {[%clk 1:11:00]} Re8 {[%clk
1:17:00]} 30. Rxb6 {[%clk 1:08:00]} Bf5 {[%clk 1:16:00]} 31. Qd4 {[%clk 1:06:00]}
Bg5 {[%clk 1:16:00]} 32. h4 {[%clk 1:04:00]} Re4 {[%clk 1:17:00]} 33. hxg5 {[%clk
1:03:00]} Rxd4 {[%clk 1:17:00]} 34. gxf6+ {[%clk 1:04:00]} Kh6 {[%clk 1:17:00]}
35. cxd4 {[%clk 1:04:00]} Kg5 {[%clk 1:17:00]} 36. g3 {[%clk 1:03:00]} Be6 {[%clk
1:17:00]} 37. Rxe6 {[%clk 1:03:00]} 1-0

[Event "Campeonato España Sub 10"]
[Site "Salobreña"]
[Date "2017.07.04"]
[Round "3"]
[White "Cereijo Suarez, Nerea"]
[Black "Oudeh Mishmesh, Lara"]
[Result "1-0"]
[Board "19"]
[WhiteClock "1:30"]
[WhiteElo "1288"]
[WhiteCountry "ESP"]
[WhiteFideId "24596124"]
[WhiteEloChange "8"]
[BlackClock "1:30"]
[BlackElo "1204"]
[BlackCountry "ESP"]
[BlackFideId "24559903"]
[BlackEloChange "-8"]

1. d4 {[%clk 1:30:00]} Nf6 {[%clk 1:30:00]} 2. c4 {[%clk 1:31:00]} e5 {[%clk
1:31:00]} 3. dxe5 {[%clk 1:31:00]} Ng4 {[%clk 1:31:00]} 4. Bf4 {[%clk 1:31:00]}
Nc6 {[%clk 1:31:00]} 5. Nf3 {[%clk 1:31:00]} Bb4+ {[%clk 1:31:00]} 6. Nbd2 {[%clk
1:30:00]} Qe7 {[%clk 1:31:00]} 7. e3 {[%clk 1:30:00]} Ngxe5 {[%clk 1:31:00]} 8.
Nxe5 {[%clk 1:29:00]} Nxe5 {[%clk 1:32:00]} 9. Be2 {[%clk 1:29:00]} O-O {[%clk
1:32:00]} 10. O-O {[%clk 1:29:00]} a5 {[%clk 1:29:00]} 11. a3 {[%clk 1:24:00]}
Bxd2 {[%clk 1:23:00]} 12. Qxd2 {[%clk 1:24:00]} d6 {[%clk 1:23:00]} 13. Rad1
{[%clk 1:17:00]} Be6 {[%clk 1:20:00]} 14. c5 {[%clk 1:14:00]} Rfd8 {[%clk
1:18:00]} 15. cxd6 {[%clk 1:12:00]} Rxd6 {[%clk 1:17:00]} 16. Qc3 {[%clk
1:11:00]} Rxd1 {[%clk 1:16:00]} 17. Rxd1 {[%clk 1:11:00]} Nc6 {[%clk 1:16:00]}
18. Bf3 {[%clk 1:09:00]} Ra6 {[%clk 1:14:00]} 19. h3 {[%clk 1:07:00]} h6 {[%clk
1:14:00]} 20. Bxc6 {[%clk 1:03:00]} Rxc6 {[%clk 1:12:00]} 21. Qxa5 {[%clk
1:02:00]} Rc2 {[%clk 1:04:00]} 22. Qa8+ {[%clk 1:00:00]} Kh7 {[%clk 1:05:00]} 23.
Qxb7 {[%clk 1:00:00]} Qf6 {[%clk 1:04:00]} 24. Qe4+ {[%clk 0:59:00]} Bf5 {[%clk
1:05:00]} 25. Qe5 {[%clk 0:59:00]} Qg6 {[%clk 1:04:00]} 26. Bg3 {[%clk 0:58:00]}
h5 {[%clk 1:03:00]} 27. h4 {[%clk 0:56:00]} Qe6 {[%clk 0:57:00]} 28. Qxe6 {[%clk
0:56:00]} Bxe6 {[%clk 0:58:00]} 29. b4 {[%clk 0:56:00]} c6 {[%clk 0:57:00]} 30.
Rd3 {[%clk 0:55:00]} c5 {[%clk 0:56:00]} 31. bxc5 {[%clk 0:54:00]} Rxc5 {[%clk
0:56:00]} 32. Bd6 {[%clk 0:55:00]} Ra5 {[%clk 0:55:00]} 33. Bb4 {[%clk 0:55:00]}
Re5 {[%clk 0:55:00]} 34. Kh2 {[%clk 0:55:00]} Re4 {[%clk 0:53:00]} 35. Rd4 {[%clk
0:54:00]} Re5 {[%clk 0:53:00]} 36. g3 {[%clk 0:53:00]} Rb5 {[%clk 0:49:00]} 37.
f4 {[%clk 0:53:00]} f6 {[%clk 0:48:00]} 38. Rd3 {[%clk 0:52:00]} Bc4 {[%clk
0:46:00]} 39. Rc3 {[%clk 0:52:00]} Be2 {[%clk 0:45:00]} 40. Rc5 {[%clk 0:52:00]}
Rb8 {[%clk 0:44:00]} 41. e4 {[%clk 0:51:00]} Re8 {[%clk 0:43:00]} 42. e5 {[%clk
0:51:00]} Bg4 {[%clk 0:43:00]} 43. a4 {[%clk 0:51:00]} Rd8 {[%clk 0:43:00]} 44.
a5 {[%clk 0:50:00]} Rd1 {[%clk 0:42:00]} 45. e6 {[%clk 0:49:00]} Bf3 {[%clk
0:42:00]} 46. g4 {[%clk 0:48:00]} Re1 {[%clk 0:38:00]} 47. Rxh5+ {[%clk 0:47:00]}
Kg8 {[%clk 0:38:00]} 48. Bxe1 {[%clk 0:47:00]} 1-0

[Event "Campeonato España Sub 10"]
[Site "Salobreña"]
[Date "2017.07.04"]
[Round "3"]
[White "Valera Espejo, Javier"]
[Black "Lozano Hernanz, Rodrigo"]
[Result "1-0"]
[Board "20"]
[WhiteClock "1:30"]
[WhiteElo "1150"]
[WhiteCountry "ESP"]
[WhiteFideId "24538817"]
[WhiteEloChange "15"]
[BlackClock "1:30"]
[BlackElo "1322"]
[BlackCountry "ESP"]
[BlackFideId "24552771"]
[BlackEloChange "-15"]

1. b3 {[%clk 1:30:00]} d5 {[%clk 1:30:00]} 2. Bb2 {[%clk 1:31:00]} Nc6 {[%clk
1:30:00]} 3. e3 {[%clk 1:31:00]} e5 {[%clk 1:31:00]} 4. Bb5 {[%clk 1:31:00]} Bd6
{[%clk 1:31:00]} 5. Nf3 {[%clk 1:32:00]} Bd7 {[%clk 1:30:00]} 6. Bxc6 {[%clk
1:32:00]} Bxc6 {[%clk 1:30:00]} 7. Nxe5 {[%clk 1:32:00]} Qg5 {[%clk 1:29:00]} 8.
Ng4 {[%clk 1:31:00]} Nf6 {[%clk 1:27:00]} 9. Nxf6+ {[%clk 1:31:00]} gxf6 {[%clk
1:27:00]} 10. g3 {[%clk 1:29:00]} O-O-O {[%clk 1:25:00]} 11. Rf1 {[%clk 1:28:00]}
Rhe8 {[%clk 1:23:00]} 12. h3 {[%clk 1:26:00]} d4 {[%clk 1:19:00]} 13. Qg4+ {[%clk
1:25:00]} Qxg4 {[%clk 1:19:00]} 14. hxg4 {[%clk 1:23:00]} dxe3 {[%clk 1:19:00]}
15. dxe3 {[%clk 1:23:00]} Be5 {[%clk 1:17:00]} 16. Nc3 {[%clk 1:22:00]} Bf3
{[%clk 1:14:00]} 17. Rb1 {[%clk 1:16:00]} Rd7 {[%clk 1:13:00]} 18. Ne2 {[%clk
1:08:00]} Bxb2 {[%clk 1:13:00]} 19. Rxb2 {[%clk 1:09:00]} Red8 {[%clk 1:12:00]}
20. Nd4 {[%clk 1:09:00]} Bxg4 {[%clk 1:11:00]} 21. f3 {[%clk 1:08:00]} Be6 {[%clk
1:10:00]} 22. Rh1 {[%clk 1:07:00]} Bf5 {[%clk 1:09:00]} 23. Kf2 {[%clk 1:05:00]}
Bg6 {[%clk 1:07:00]} 24. f4 {[%clk 1:05:00]} Rd5 {[%clk 1:07:00]} 25. g4 {[%clk
1:04:00]} c5 {[%clk 1:06:00]} 26. c4 {[%clk 1:03:00]} Be4 {[%clk 1:04:00]} 27.
Rh6 {[%clk 1:03:00]} R5d6 {[%clk 1:02:00]} 28. Nb5 {[%clk 1:02:00]} Rd2+ {[%clk
1:02:00]} 29. Rxd2 {[%clk 1:02:00]} Rxd2+ {[%clk 1:02:00]} 30. Ke1 {[%clk
1:02:00]} Rd7 {[%clk 1:01:00]} 31. Rxf6 {[%clk 1:01:00]} Kd8 {[%clk 1:00:00]} 32.
Nxa7 {[%clk 1:00:00]} Rd3 {[%clk 1:00:00]} 33. Ke2 {[%clk 1:00:00]} Rc3 {[%clk
1:00:00]} 34. Rxf7 {[%clk 1:00:00]} Rc2+ {[%clk 1:00:00]} 35. Kd1 {[%clk
1:00:00]} Rxa2 {[%clk 1:00:00]} 36. Nb5 {[%clk 1:00:00]} Rb2 {[%clk 1:00:00]} 37.
Nd6 {[%clk 0:59:00]} Bf3+ {[%clk 0:59:00]} 38. Kc1 {[%clk 0:58:00]} Rxb3 {[%clk
0:59:00]} 39. Rxh7 {[%clk 0:57:00]} Rxe3 {[%clk 0:59:00]} 40. Nxb7+ {[%clk
0:57:00]} Bxb7 {[%clk 0:59:00]} 41. Rxb7 {[%clk 0:57:00]} Re4 {[%clk 0:59:00]}
42. Rf7 {[%clk 0:57:00]} Rxc4+ {[%clk 0:59:00]} 43. Kd2 {[%clk 0:58:00]} Ke8
{[%clk 0:59:00]} 44. Rf5 {[%clk 0:57:00]} Rd4+ {[%clk 0:58:00]} 45. Ke3 {[%clk
0:56:00]} Rc4 {[%clk 0:57:00]} 46. g5 {[%clk 0:56:00]} Rc1 {[%clk 0:57:00]} 47.
g6 {[%clk 0:54:00]} Rg1 {[%clk 0:57:00]} 48. Rf6 {[%clk 0:54:00]} Ke7 {[%clk
0:56:00]} 49. Rf7+ {[%clk 0:54:00]} Ke8 {[%clk 0:54:00]} 50. f5 {[%clk 0:56:00]}
c4 {[%clk 0:54:00]} 51. Kd4 {[%clk 0:56:00]} Rg4+ {[%clk 0:54:00]} 52. Kc3 {[%clk
0:56:00]} Rg5 {[%clk 0:54:00]} 53. Kxc4 {[%clk 0:56:00]} Rg4+ {[%clk 0:54:00]}
54. Kd5 {[%clk 0:56:00]} Rf4 {[%clk 0:54:00]} 55. Ke5 {[%clk 0:56:00]} Rf1 {[%clk
0:54:00]} 1-0

[Event "Campeonato España Sub 10"]
[Site "Salobreña"]
[Date "2017.07.05"]
[Round "4"]
[White "Villanueva Marquez, Santiago"]
[Black "Macias Pino, Diego"]
[Result "1-0"]
[Board "1"]
[WhiteClock "0:00.00"]
[WhiteElo "1517"]
[WhiteCountry "ESP"]
[WhiteFideId "24560359"]
[WhiteEloChange "16"]
[BlackClock "0:00.00"]
[BlackElo "1732"]
[BlackCountry "ESP"]
[BlackFideId "24529133"]
[BlackEloChange "-16"]

1. c4 {[%clk 1:30:30]} Nf6 {[%clk 1:30:30]} 2. d4 {[%clk 1:30:30]} e6 {[%clk
1:30:30]} 3. Nc3 {[%clk 1:30:30]} d5 {[%clk 1:30:30]} 4. e3 {[%clk 1:30:30]} Be7
{[%clk 1:30:30]} 5. Nf3 {[%clk 1:30:30]} O-O {[%clk 1:30:30]} 6. Be2 {[%clk
1:30:30]} b6 {[%clk 1:30:30]} 7. O-O {[%clk 1:30:30]} Nbd7 {[%clk 1:30:30]} 8.
Bd2 {[%clk 1:30:30]} Bb7 {[%clk 1:30:30]} 9. Rc1 {[%clk 1:30:30]} dxc4 {[%clk
1:30:30]} 10. Bxc4 {[%clk 1:30:30]} c5 {[%clk 1:30:30]} 11. Qe2 {[%clk 1:30:30]}
cxd4 {[%clk 1:30:30]} 12. exd4 {[%clk 1:30:30]} Nb8 {[%clk 1:30:30]} 13. Rfe1
{[%clk 1:30:30]} Nd5 {[%clk 1:30:30]} 14. a3 {[%clk 1:30:30]} Re8 {[%clk
1:30:30]} 15. Ne5 {[%clk 1:30:30]} Nxc3 {[%clk 1:30:30]} 16. Bxc3 {[%clk
1:30:30]} Bd5 {[%clk 1:30:30]} 17. Bd3 {[%clk 1:30:30]} g6 {[%clk 1:30:30]} 18.
Bd2 {[%clk 1:30:30]} Nd7 {[%clk 1:30:30]} 19. Nxd7 {[%clk 1:30:30]} Qxd7 {[%clk
1:30:30]} 20. Bb5 {[%clk 1:30:30]} Qb7 {[%clk 1:30:30]} 21. Bxe8 {[%clk 1:30:30]}
Rxe8 {[%clk 1:30:30]} 22. Bh6 {[%clk 1:30:30]} Bf6 {[%clk 1:30:30]} 23. Qc2
{[%clk 1:30:30]} Bxg2 {[%clk 1:30:30]} 24. Qc7 {[%clk 1:30:30]} Qd5 {[%clk
1:30:30]} 25. Qc4 {[%clk 1:30:30]} Qa8 {[%clk 1:30:30]} 26. Rcd1 {[%clk 1:30:30]}
Rc8 {[%clk 1:30:30]} 27. Qxc8+ {[%clk 1:30:30]} Qxc8 {[%clk 1:30:30]} 28. Kxg2
{[%clk 1:30:30]} Qc6+ {[%clk 1:30:30]} 29. d5 {[%clk 1:30:30]} exd5 {[%clk
1:30:30]} 30. Rc1 {[%clk 1:30:30]} Qd7 {[%clk 1:30:30]} 31. h3 {[%clk 1:30:30]}
Bg7 {[%clk 1:30:30]} 32. Rc7 {[%clk 1:30:30]} Qd8 {[%clk 1:30:30]} 33. Rce7
{[%clk 1:30:30]} Bxh6 {[%clk 1:30:30]} 34. Re8+ {[%clk 1:30:30]} Qxe8 {[%clk
1:30:30]} 35. Rxe8+ {[%clk 1:30:30]} Bf8 {[%clk 1:30:30]} 36. Ra8 {[%clk
1:30:30]} Kg7 {[%clk 1:30:30]} 37. Rxa7 {[%clk 1:30:30]} Kf6 {[%clk 1:30:30]} 38.
Kf3 {[%clk 1:30:30]} Bc5 {[%clk 1:30:30]} 39. Ra6 {[%clk 1:30:30]} Ke5 {[%clk
1:30:30]} 40. a4 {[%clk 1:30:30]} d4 {[%clk 1:30:30]} 41. Ke2 {[%clk 1:30:30]} f5
{[%clk 1:30:30]} 42. a5 {[%clk 1:30:30]} bxa5 {[%clk 1:30:30]} 43. Rxa5 {[%clk
1:30:30]} Kd6 {[%clk 1:30:30]} 44. f3 {[%clk 1:30:30]} Bb6 {[%clk 1:30:30]} 45.
Ra8 {[%clk 1:30:30]} Ke7 {[%clk 1:30:30]} 46. Rh8 {[%clk 1:30:30]} h5 {[%clk
1:30:30]} 47. Rc8 {[%clk 1:30:30]} Kf7 {[%clk 1:30:30]} 48. Rc6 {[%clk 1:30:30]}
Bd8 {[%clk 1:30:30]} 49. Kd3 {[%clk 1:30:30]} Bf6 {[%clk 1:30:30]} 50. b4 {[%clk
1:30:30]} g5 {[%clk 1:30:30]} 51. b5 {[%clk 1:30:30]} Be5 {[%clk 1:30:30]} 52. b6
{[%clk 1:30:30]} g4 {[%clk 1:30:30]} 53. hxg4 {[%clk 1:30:30]} hxg4 {[%clk
1:30:30]} 54. fxg4 {[%clk 1:30:30]} fxg4 {[%clk 1:30:30]} 55. Rc5 {[%clk
1:30:30]} Bd6 {[%clk 1:30:30]} 56. Rd5 {[%clk 1:30:30]} Ke7 {[%clk 1:30:30]} 57.
b7 {[%clk 1:30:30]} Bb8 {[%clk 1:30:30]} 58. Kxd4 {[%clk 1:30:30]} g3 {[%clk
1:30:30]} 59. Ke3 {[%clk 1:30:30]} Bc7 {[%clk 1:30:30]} 60. Kf3 {[%clk 1:30:30]}
Bb8 {[%clk 1:30:30]} 61. Re5+ {[%clk 1:30:30]} Kd7 {[%clk 1:30:30]} 62. Re8
{[%clk 1:30:30]} 1-0